000 00395nam a2200157Ia 4500
008 230711s9999||||xx |||||||||||||| ||und||
041 _aENG
082 _a621
_bRA-D
100 _aRabiner,Lawrence
245 0 _aDigital processing of speech signals
250 _a1st Ed.
260 _c2004
_aNew Delhi
_bPearson
650 _aElectronics Engineering
700 _aSchafer,Ronald W
942 _cBK
999 _c4319
_d4319